[Event "NED-ch U14 Girls"]
[Site "Assen"]
[Date "2017.04.27"]
[Round "7"]
[White "Lukasiak, Alicja"]
[Black "Stevanovic, Alexandra"]
[Result "1-0"]
[WhiteElo "175"]
[BlackElo "839"]
[PlyCount "69"]
[EventDate "2017.04.23"]
[EventType "swiss"]
[EventRounds "9"]
[EventCountry "NED"]
[SourceTitle "CBM 178 Extra"]
[Source "ChessBase"]
[SourceDate "2017.06.22"]
[SourceVersion "1"]
[SourceVersionDate "2017.06.22"]
[SourceQuality "1"]

1. e4 e5 2. Nf3 Nc6 3. Bb5 Bc5 4. Bxc6 bxc6 5. Nxe5 Qh4 6. 0-0 Qxe4 7. Nf3 d6 8. Re1 Qxe1+ 9. Qxe1+ Be6 10. d4 Bb6 11. Bd2 Nf6 12. Ba5 Bxa5 13. Qxa5 0-0 14. Nc3 Bg4 15. Ng5 Rae8 16. Qxc7 Bf5 17. Qxc6 Bxc2 18. Nb5 Ba4 19. b3 Bxb5 20. Qxb5 Re7 21. h3 Ne4 22. Nxe4 Rxe4 23. Qb4 Rd8 24. Re1 Rxe1+ 25. Qxe1 Kf8 26. Qe4 g6 27. Qh4 Rc8 28. Qxh7 Ke7 29. Qh4+ Kd7 30. Qh7 Ke7 31. g4 a6 32. g5 a5 33. h4 Rc2 34. h5 gxh5 35. g6 1-0